| 000 | 00748nam a22002057a 4500 | ||
|---|---|---|---|
| 999 |
_c26106 _d26106 |
||
| 005 | 20190225145906.0 | ||
| 010 | _aB-285008, B-214737, B-214732 | ||
| 020 |
_a0143032623 _c325.00 |
||
| 020 |
_a9780143032625 _c325.00 |
||
| 035 | _aB-285008, B-214731 , B-214737, B-214732, B-214733 | ||
| 037 | _bUBH (Vender) | ||
| 082 | _aN | ||
| 100 | _aChatterjee, Rimi B. | ||
| 245 |
_aSignal red / _cby Rimi B. Chatterjee |
||
| 260 |
_aNew Delhi _bPenguin Books _c2005 |
||
| 270 |
_a11, Community Centre, Panchsheel Park, _bNew Delhi _e110017 |
||
| 300 |
_a281p. _c20cm. (pbk) |
||
| 942 |
_2ddc _cEN _hN _mCHA |
||